000 00945nas a2200313 4500
001 BR2014002189
003 BR-BrBNA
005 20231205123859.0
007 ta
008 230509b bl.|||p| |||| 00| 00por d
040 _aBR-BrBNA
_bpor
_cBiblioteca Nacional de Agricultura
041 _a(En)
072 _aL20; F40
100 1 _aSouza, W. de
100 1 _aBarbosa, O.R.
100 1 _aMarques, J. de A.
100 1 _aGasparino, E.
100 1 _aCecato, U.
100 1 _aBarbero, L.M.
245 1 _aBehavior of beef in silvipastoral systems with eucalyptus
650 _aGADO DE CORTE
650 _aRUMINAÇÃO
650 _aEUCALIPTO
650 _aCOMPORTAMENTO ANIMAL
773 0 _tRevista Brasileira de Zootecnia (Brazil)
_xISSN 1806-9290
_g(Mar 2010), v. 39(3) p. 677-684
_wBR2014002189
856 4 0 _uhttp://www.scielo.br/pdf/rbz/v39n3/a29v39n3.pdf
909 _a202311
_bLúcia
_c55
_dLúcia Elande
942 _2AGRIS
_n0
_cANA
999 _c236169
_d236169